[Event "HUN Youth Ch U 8 Girls Final"]
[Site "Balatonlelle"]
[Date "2013.06.22"]
[Round "2.5"]
[White "Sulyok, Eszter"]
[Black "Toth, Nikoletta"]
[Result "1-0"]
[WhiteElo "1288"]
[BlackElo "1126"]
[PlyCount "61"]
[EventDate "2013.??.??"]

1. d4 d5 2. c4 c6 3. Nc3 Nf6 4. Bf4 Bf5 5. Nf3 Nbd7 6. Qb3 b6 7. Qa4 dxc4 8. e3
e6 9. Qxc6 Rc8 10. Qa4 Bd3 11. Bxd3 cxd3 12. O-O Be7 13. Ne5 O-O 14. Nc6 Qe8
15. Nxe7+ Qxe7 16. Nb5 Ng4 17. f3 Nh6 18. Bd6 Qg5 19. Nxa7 Qxe3+ 20. Kh1 d2 21.
Nxc8 Rxc8 22. Qxd7 Ra8 23. Qb7 Rd8 24. Qc7 Ra8 25. Qxb6 g6 26. Qc7 Qxd4 27. Be5
Qe3 28. Bf4 Qd4 29. Bxh6 Qxb2 30. Rab1 d1=Q 31. Rfxd1 1-0

[Event "HUN Youth Ch U10 Girls Final"]
[Site "Balatonlelle"]
[Date "2013.06.22"]
[Round "2.1"]
[White "Juhasz, Judit"]
[Black "Gombocz, Zsofia"]
[Result "1-0"]
[WhiteElo "1575"]
[BlackElo "1431"]
[PlyCount "147"]
[EventDate "2013.??.??"]

1. e4 e5 2. Nf3 Nc6 3. d4 exd4 4. Nxd4 Bc5 5. Be3 Qf6 6. c3 Nge7 7. Bc4 Ne5 8.
Be2 Qg6 9. O-O d6 10. f3 O-O 11. Kh1 Bd7 12. Nd2 Bb6 13. Nc4 Rad8 14. a4 c6 15.
Nc2 Bxe3 16. N2xe3 Be6 17. Qc2 Nxc4 18. Bxc4 Nc8 19. Qe2 Nb6 20. Bxe6 fxe6 21.
a5 Nd7 22. b4 Rde8 23. Qd2 d5 24. c4 Qg5 25. Qd4 e5 26. Qxa7 d4 27. Nf5 Rb8 28.
a6 Qd8 29. axb7 Qc7 30. Qa3 Qxb7 31. Qa7 Rf6 32. Qxb7 Rxb7 33. Rfb1 g6 34. Nh6+
Kg7 35. Ng4 Rf8 36. Ra6 h5 37. Nf2 Nb8 38. Ra5 Re8 39. Nd3 Nd7 40. b5 Reb8 41.
Kg1 Kf8 42. Kf2 Ke7 43. Ke2 c5 44. Ra6 g5 45. Rg6 g4 46. fxg4 hxg4 47. Rxg4 Rh8
48. h4 Rb6 49. g3 Rh7 50. Rg5 Re6 51. h5 Kd6 52. g4 Rhh6 53. b6 Nb8 54. Rg8 Nc6
55. b7 Re7 56. b8=Q+ Nxb8 57. Rbxb8 Rhh7 58. Rg6+ Kc7 59. Rb5 Rhf7 60. Rxc5+
Kb7 61. Rxe5 Rc7 62. Nc5+ Rxc5 63. Rxc5 Rd7 64. Kd3 Rf7 65. Kxd4 Rd7+ 66. Rd5
Re7 67. c5 Rc7 68. Rb6+ Ka7 69. e5 Rg7 70. Rg6 Rf7 71. Kc4 Rf4+ 72. Kb5 Rf7 73.
Ra6+ Kb7 74. c6+ 1-0

[Event "HUN Youth Ch U12 Girls Final"]
[Site "Balatonlelle"]
[Date "2013.06.22"]
[Round "2.1"]
[White "Kiss, Rebeka"]
[Black "Laszlo, Dalma"]
[Result "1/2-1/2"]
[WhiteElo "1512"]
[BlackElo "1345"]
[PlyCount "88"]
[EventDate "2013.??.??"]

1. e4 e6 2. d4 d5 3. Nc3 dxe4 4. Nxe4 Nf6 5. Nxf6+ Qxf6 6. Nf3 Nc6 7. Bg5 Qf5
8. Qd3 Qxd3 9. Bxd3 Nb4 10. O-O h6 11. Bf4 Nxd3 12. cxd3 Bd6 13. Bxd6 cxd6 14.
Rac1 g5 15. Rc7 f5 16. h3 O-O 17. Rfc1 a5 18. a4 Rb8 19. Nd2 Rd8 20. Kf1 Bd7
21. b3 b5 22. Ra7 bxa4 23. bxa4 Bxa4 24. Rxa5 Bb5 25. Ke2 e5 26. dxe5 dxe5 27.
Ra3 e4 28. Nc4 exd3+ 29. Rxd3 Rxd3 30. Kxd3 Bxc4+ 31. Rxc4 Rb3+ 32. Rc3 Rxc3+
33. Kxc3 Kf7 34. Kd3 Ke6 35. Ke3 Ke5 36. Kf3 h5 37. g3 g4+ 38. hxg4 hxg4+ 39.
Ke3 Kd5 40. f3 gxf3 41. Kxf3 Ke5 42. Ke3 Ke6 43. Ke2 Ke5 44. Kf3 Ke6 1/2-1/2

[Event "HUN Youth Ch U12 Girls Final"]
[Site "Balatonlelle"]
[Date "2013.06.22"]
[Round "2.3"]
[White "Terjek, Agota"]
[Black "Kurucz, Blanka"]
[Result "1-0"]
[WhiteElo "1314"]
[BlackElo "1406"]
[PlyCount "65"]
[EventDate "2013.??.??"]

1. d4 d5 2. c4 e6 3. Nf3 Nf6 4. Nc3 Be7 5. g3 O-O 6. Bg2 Nbd7 7. Qb3 dxc4 8.
Qxc4 Nb6 9. Qb3 c5 10. e3 c4 11. Qc2 Qc7 12. e4 Rd8 13. Bf4 Qd7 14. Rd1 Bb4 15.
Ne5 Qa4 16. Qd2 Bxc3 17. bxc3 Nbd7 18. Qe2 Nxe5 19. Bxe5 Nd7 20. Bc7 Re8 21. e5
f6 22. Rb1 fxe5 23. dxe5 h6 24. Rb4 Qa3 25. Rxc4 Rf8 26. f4 a5 27. Bd6 Re8 28.
Bxa3 Ra7 29. Qh5 Rd8 30. Be7 Rf8 31. Bxf8 Kxf8 32. Rxc8+ Ke7 33. Qe8# 1-0

[Event "HUN Youth Ch U12 Girls Final"]
[Site "Balatonlelle"]
[Date "2013.06.22"]
[Round "2.4"]
[White "Erseki, Tamara"]
[Black "Kovacs, Judit"]
[Result "1-0"]
[WhiteElo "1632"]
[BlackElo "1669"]
[PlyCount "133"]
[EventDate "2013.??.??"]

1. e4 c5 2. Nf3 Nc6 3. d4 cxd4 4. Nxd4 Nf6 5. Nc3 e5 6. Ndb5 d6 7. Nd5 Nxd5 8.
exd5 Nb8 9. c4 Be7 10. Bd3 O-O 11. O-O f5 12. f3 Nd7 13. Be3 a6 14. Nc3 f4 15.
Bf2 Bh4 16. Bxh4 Qxh4 17. Ne4 Qd8 18. Kh1 Nf6 19. Qc2 Nh5 20. b4 Bf5 21. c5
dxc5 22. bxc5 Kh8 23. Nd6 Bxd3 24. Qxd3 Qf6 25. Ne4 Qd8 26. Rab1 Rb8 27. Rfd1
h6 28. Nd6 Qc7 29. Qc3 Nf6 30. Qb4 Rfd8 31. Qb6 Qe7 32. Qa7 Qc7 33. Qb6 Qe7 34.
Kg1 Kh7 35. Rbc1 Kh8 36. Qb2 Qd7 37. Qxe5 Rf8 38. Qe6 Qc7 39. Nf5 Rbe8 40. Qd6
Qa5 41. Nh4 Kh7 42. Qb6 Qxa2 43. Qxb7 Rb8 44. Qe7 Rbe8 45. Qd6 Rd8 46. Qxf4
Rxd5 47. Rxd5 Qxd5 48. c6 Rc8 49. Qa4 Qe6 50. Qc2+ Kg8 51. Qc4 Kf7 52. Nf5 Qxc4
53. Rxc4 Ke6 54. Nxg7+ Kd5 55. Rh4 Rxc6 56. Rxh6 a5 57. Nh5 Ke5 58. Nxf6 Rxf6
59. Rh5+ Rf5 60. Rh8 Kf4 61. Ra8 Rb5 62. Rf8+ Ke3 63. Re8+ Kf4 64. Re2 Rb1+ 65.
Kf2 Ra1 66. h4 a4 67. g4 1-0

[Event "HUN Youth Ch U12 Girls Final"]
[Site "Balatonlelle"]
[Date "2013.06.22"]
[Round "2.5"]
[White "Lengyel, Andrea"]
[Black "Kocsis, Anett"]
[Result "1/2-1/2"]
[WhiteElo "1713"]
[BlackElo "1644"]
[PlyCount "82"]
[EventDate "2013.??.??"]

1. d4 Nf6 2. c4 g6 3. f3 d5 4. cxd5 Nxd5 5. e4 Nb6 6. Nc3 Bg7 7. Be3 O-O 8. Qd2
Nc6 9. O-O-O f5 10. e5 Nb4 11. Nh3 Be6 12. Kb1 N4d5 13. Nf4 Nxf4 14. Bxf4 Nd5
15. h4 h5 16. Be2 Kh7 17. Bg5 a5 18. Rc1 c6 19. f4 a4 20. Nxd5 Bxd5 21. Bf3
Bxf3 22. gxf3 Qd7 23. Qb4 Rfe8 24. Rhd1 e6 25. Qd2 a3 26. b3 Qd5 27. Qg2 Qd7
28. Rc2 Rac8 29. Rg1 Rg8 30. Qf2 Bf8 31. Rgc1 Be7 32. Rc4 Bxg5 33. fxg5 b5 34.
Rc5 Rgd8 35. Rd1 Qb7 36. f4 Rd5 37. Rxd5 cxd5 38. Qd2 Qc6 39. Rc1 Qxc1+ 40.
Qxc1 Rxc1+ 41. Kxc1 b4 1/2-1/2

[Event "HUN Youth Ch U14 Girls Final"]
[Site "Balatonlelle"]
[Date "2013.06.22"]
[Round "2.1"]
[White "Szakasics, Emese"]
[Black "Szuhai, Beata Barbara"]
[Result "1-0"]
[WhiteElo "1655"]
[BlackElo "1529"]
[PlyCount "65"]
[EventDate "2013.??.??"]

1. e4 d5 2. exd5 Qxd5 3. Nf3 Bg4 4. Be2 Nf6 5. d4 c6 6. c4 Qa5+ 7. Nc3 e6 8.
O-O Nbd7 9. a3 Be7 10. h3 Bh5 11. Bf4 Qf5 12. Qd2 Bg6 13. Rac1 Nh5 14. Be3 Qa5
15. d5 exd5 16. cxd5 Nhf6 17. dxc6 bxc6 18. Nd4 Rc8 19. Nb3 Qd8 20. Bxa7 O-O
21. Rfd1 c5 22. Qf4 Qc7 23. Qxc7 Rxc7 24. Nb5 Rb7 25. Bxc5 Nxc5 26. Nxc5 Bxc5
27. Rxc5 Ne4 28. Rcd5 f6 29. Rd8 Nc5 30. Bc4+ Bf7 31. Bxf7+ Rbxf7 32. Rxf8+
Kxf8 33. Rc1 1-0

[Event "HUN Youth Ch U14 Girls Final"]
[Site "Balatonlelle"]
[Date "2013.06.22"]
[Round "2.2"]
[White "Szucs, Edina"]
[Black "Simon, Lili"]
[Result "0-1"]
[WhiteElo "1445"]
[BlackElo "1853"]
[PlyCount "148"]
[EventDate "2013.??.??"]

1. e4 e5 2. Nf3 Nc6 3. d4 exd4 4. Nxd4 Nf6 5. Nxc6 bxc6 6. Bd3 d5 7. exd5 cxd5
8. O-O Be7 9. Nc3 O-O 10. Bf4 c6 11. a3 h6 12. Re1 Bg4 13. Qd2 Bd6 14. h3 Bxf4
15. Qxf4 Be6 16. Ne2 c5 17. Rad1 Qc8 18. Ng3 Qb7 19. b3 a5 20. Rb1 Rab8 21. c4
Rfd8 22. Nf5 Bxf5 23. Bxf5 d4 24. Bd3 Qd7 25. Qf5 Qxf5 26. Bxf5 g6 27. Bd3 Nd7
28. Be4 Kg7 29. Rb2 Re8 30. Ree2 f5 31. Bc6 Rxe2 32. Rxe2 Nf8 33. Bb5 Kf7 34.
f3 Ne6 35. Re5 Rd8 36. Bc6 d3 37. Re1 Nd4 38. Bd5+ Kf6 39. Rd1 Rb8 40. Rxd3
Rxb3 41. Rxb3 Nxb3 42. Kf2 Ke5 43. Ke3 g5 44. a4 Nd4 45. Bf7 Nc6 46. Bd5 Ne7
47. Bb7 f4+ 48. Kd3 Nf5 49. Ke2 Kd4 50. Ba6 Ne3 51. Kf2 Nxc4 52. g3 Nb2 53. Bb5
c4 54. gxf4 gxf4 55. Ke2 c3 56. h4 Kc5 57. Bd7 Kb4 58. h5 Nxa4 59. Kd1 Nc5 60.
Be8 Kb3 61. Bg6 a4 62. Kc1 Nd7 63. Kb1 Ne5 64. Be4 Nc4 65. Bc2+ Kb4 66. Bd3
Nd2+ 67. Ka2 Nxf3 68. Be4 Nd2 69. Bd3 f3 70. Ka1 f2 71. Ka2 c2 72. Kb2 f1=Q 73.
Bxf1 Nxf1 74. Kxc2 Ng3 0-1

[Event "HUN Youth Ch U14 Girls Final"]
[Site "Balatonlelle"]
[Date "2013.06.23"]
[Round "2.3"]
[White "Vanczak, Virag"]
[Black "Kassay, Lilla"]
[Result "0-1"]
[WhiteElo "1385"]
[BlackElo "1741"]
[PlyCount "64"]
[EventDate "2013.??.??"]

1. e4 e6 2. d4 d5 3. e5 c5 4. c3 Nc6 5. Nf3 Qb6 6. Na3 cxd4 7. cxd4 Bd7 8. Nc2
Rc8 9. b3 a6 10. Be2 Bb4+ 11. Bd2 Nge7 12. Rc1 O-O 13. O-O Bxd2 14. Qxd2 f6 15.
exf6 Rxf6 16. Ne3 Ng6 17. Ng4 Rff8 18. Qe3 Rce8 19. Nge5 Ncxe5 20. Nxe5 Nxe5
21. Qxe5 Rf5 22. Qc7 Qxc7 23. Rxc7 Bc6 24. g3 e5 25. dxe5 Rfxe5 26. Bxa6 d4 27.
Bxb7 Bb5 28. Rfc1 d3 29. Bf3 d2 30. R1c5 Re1+ 31. Kg2 Bf1+ 32. Kg1 Bh3# 0-1

[Event "HUN Youth Ch U14 Girls Final"]
[Site "Balatonlelle"]
[Date "2013.06.22"]
[Round "2.4"]
[White "Giczi, Alexandra Laura"]
[Black "Koltai, Anna"]
[Result "1/2-1/2"]
[WhiteElo "1452"]
[BlackElo "1579"]
[PlyCount "36"]
[EventDate "2013.??.??"]

1. e4 c5 2. Nf3 a6 3. d4 cxd4 4. Nxd4 Nf6 5. Nc3 e5 6. Nf3 Bb4 7. Bd2 O-O 8.
Bd3 Nc6 9. O-O d6 10. h3 h6 11. Re1 Nh7 12. Nd5 Bxd2 13. Qxd2 f5 14. exf5 Bxf5
15. Bxf5 Rxf5 16. Ne3 Rf4 17. Rad1 Rf6 18. Ng4 Re6 1/2-1/2

[Event "HUN Youth Ch U14 Girls Final"]
[Site "Balatonlelle"]
[Date "2013.06.22"]
[Round "2.5"]
[White "Kurcsics, Erika"]
[Black "Nemeth, Noemi Anna"]
[Result "1-0"]
[WhiteElo "1743"]
[BlackElo "1444"]
[PlyCount "69"]
[EventDate "2013.??.??"]

1. e4 e5 2. Nf3 Nc6 3. d4 exd4 4. Nxd4 Bc5 5. Nxc6 bxc6 6. Bc4 Qh4 7. Qf3 Nf6
8. Nc3 O-O 9. O-O d5 10. Bd3 Ng4 11. h3 Nxf2 12. Rxf2 Bxf2+ 13. Qxf2 Qxf2+ 14.
Kxf2 d4 15. Na4 Re8 16. Bf4 Re7 17. Nc5 Be6 18. Na6 Rc8 19. Rd1 f5 20. exf5 Rf8
21. Re1 Rff7 22. Nxc7 Bxa2 23. Ra1 Bd5 24. Rxa7 g6 25. Ra8+ Kg7 26. Nxd5 cxd5
27. Bg5 Re5 28. f6+ Rxf6+ 29. Bxf6+ Kxf6 30. Ra4 Re8 31. Rxd4 Ke5 32. Rh4 Rf8+
33. Ke3 Rf7 34. Ra4 Rb7 35. b3 1-0

[Event "HUN Youth Ch U16 Girls Final"]
[Site "Balatonlelle"]
[Date "2013.06.22"]
[Round "2.1"]
[White "Terbe, Julianna"]
[Black "Terbe, Zsuzsanna"]
[Result "1-0"]
[WhiteElo "1928"]
[BlackElo "1866"]
[PlyCount "37"]
[EventDate "2013.??.??"]

1. d4 Nf6 2. c4 e5 3. dxe5 Ng4 4. Nf3 Nc6 5. Bf4 Bb4+ 6. Nbd2 Qe7 7. a3 Ngxe5
8. Nxe5 Nxe5 9. e3 Bxd2+ 10. Qxd2 d6 11. Be2 O-O 12. O-O Bf5 13. Rac1 Rfe8 14.
Rfd1 Rad8 15. Qc3 h6 16. b4 b6 17. c5 bxc5 18. bxc5 dxc5 19. Rxd8 1-0

[Event "HUN Youth Ch U16 Girls Final"]
[Site "Balatonlelle"]
[Date "2013.06.22"]
[Round "2.2"]
[White "Gombos, Bettina"]
[Black "Werner, Anna"]
[Result "1-0"]
[WhiteElo "1979"]
[BlackElo "1871"]
[PlyCount "99"]
[EventDate "2013.??.??"]

1. e4 e6 2. d4 d5 3. Nd2 c5 4. Ngf3 cxd4 5. exd5 Qxd5 6. Bc4 Qd6 7. Qe2 Nf6 8.
Nb3 Nc6 9. Bg5 Be7 10. O-O-O Qc7 11. Nbxd4 Nxd4 12. Rxd4 O-O 13. Rhd1 a6 14.
Ne5 Nd5 15. Bxe7 Qxe7 16. Kb1 g6 17. h4 Nb6 18. Bd3 f6 19. Bxg6 fxe5 20. Bxh7+
Qxh7 21. Rg4+ Kf7 22. Qxe5 Nd5 23. Rxd5 exd5 24. Qc7+ Ke8 25. Qxh7 Bxg4 26.
Qg6+ Ke7 27. Qxg4 Rxf2 28. b3 Raf8 29. h5 R2f4 30. Qg5+ Kd6 31. h6 Rf1+ 32. Kb2
R1f7 33. g4 b5 34. Qh5 Rd7 35. h7 Rh8 36. Qg6+ Kc7 37. Qxa6 Rhxh7 38. Qxb5 Rhg7
39. Qb4 d4 40. Qc5+ Kb7 41. Qf5 Rgf7 42. Qe4+ Kb6 43. a4 Rd6 44. b4 Rfd7 45.
Qd3 Rd5 46. a5+ Ka7 47. b5 R7d6 48. Qc4 Rd7 49. Qc6 R5d6 50. Qc8 1-0

[Event "HUN Youth Ch U16 Girls Final"]
[Site "Balatonlelle"]
[Date "2013.06.22"]
[Round "2.3"]
[White "Acs, Petra"]
[Black "Fekete, Agnes"]
[Result "0-1"]
[WhiteElo "1699"]
[BlackElo "1701"]
[PlyCount "110"]
[EventDate "2013.??.??"]

1. e4 c5 2. c3 d6 3. d4 cxd4 4. cxd4 Nf6 5. Nc3 g6 6. g3 Bg7 7. Bg2 O-O 8. Nge2
Nc6 9. O-O Rb8 10. Be3 b5 11. d5 Ne5 12. Bxa7 Rb7 13. Bd4 b4 14. Nb1 Bd7 15.
Nd2 Bb5 16. Bxe5 dxe5 17. Re1 Qb6 18. h3 Nh5 19. g4 Bxe2 20. Qxe2 Nf4 21. Qe3
Qb5 22. Bf1 Qd7 23. Nb3 Rc7 24. Rec1 Rxc1 25. Rxc1 f5 26. Nc5 Qd6 27. Nd3 fxg4
28. hxg4 Bh6 29. Qg3 Nxd3 30. Rc6 Qd7 31. Bxd3 Rf4 32. f3 Qa7+ 33. Qf2 Rxg4+
34. Kf1 Be3 35. Qh2 Rg1+ 36. Ke2 Bf4 37. Qf2 Be3 38. Qh2 Qd4 39. Rc2 Rg5 40.
Qh3 Bf4 41. Qc8+ Kg7 42. Qc5 Rg2+ 43. Kf1 Rf2+ 44. Ke1 Qxc5 45. Rxc5 Rxf3 46.
Bc2 h5 47. Ke2 Rg3 48. Rc7 Kf6 49. Rc6+ Kg5 50. Kf2 h4 51. Bd1 h3 52. Bf3 h2
53. Rc8 Rxf3+ 54. Kg2 Rf1 55. Rh8 Rg1+ 0-1

[Event "HUN Youth Ch U16 Girls Final"]
[Site "Balatonlelle"]
[Date "2013.06.22"]
[Round "2.4"]
[White "Haszon, Kamilla Sara"]
[Black "Miseta, Nora"]
[Result "1-0"]
[WhiteElo "1916"]
[BlackElo "1619"]
[PlyCount "85"]
[EventDate "2013.??.??"]

1. e4 c5 2. Nf3 Nc6 3. d4 cxd4 4. Nxd4 Nf6 5. Nc3 e5 6. Ndb5 h6 7. Nd5 Nxd5 8.
exd5 Nb8 9. c4 a6 10. Nc3 d6 11. Bd3 Nd7 12. O-O Be7 13. Bb1 Nf6 14. Kh1 Qc7
15. Qe2 Kd8 16. f4 Bg4 17. Qd3 Rc8 18. h3 Bh5 19. fxe5 dxe5 20. b3 Bg6 21. Qe2
Bxb1 22. Rxb1 b5 23. Bb2 bxc4 24. bxc4 Bd6 25. Ne4 Nxe4 26. Qxe4 f6 27. Rfc1
Rf8 28. Rc2 Qe7 29. Bc3 f5 30. Qe2 Rb8 31. Ba5+ Ke8 32. Rxb8+ Bxb8 33. c5 Kf7
34. c6 Bc7 35. Bxc7 Qxc7 36. Qxa6 Rb8 37. Rc1 e4 38. Qc4 Ke7 39. Qd4 Qg3 40. c7
Rc8 41. Rc3 Qg5 42. Qe5+ Kf8 43. Qe6 1-0

[Event "HUN Youth Ch U18 Girls Final"]
[Site "?"]
[Date "2013.06.23"]
[Round "2.1"]
[White "Karikas, Marianna"]
[Black "Szente Varga, Fruzsina"]
[Result "1-0"]
[WhiteElo "1833"]
[BlackElo "2003"]
[PlyCount "75"]
[EventDate "2013.??.??"]

1. d4 Nf6 2. Nf3 g6 3. Bg5 Bg7 4. Nbd2 d6 5. c3 O-O 6. e4 Nc6 7. Be2 e5 8. dxe5
dxe5 9. O-O Qe8 10. Re1 h6 11. Bh4 Nh5 12. Nc4 Nf4 13. Bf1 g5 14. Bg3 Bg4 15.
Ne3 Rd8 16. Qc2 Bxf3 17. gxf3 Ng6 18. Rad1 h5 19. h3 Nce7 20. Qb3 Rxd1 21. Rxd1
Qc8 22. Nd5 Kh8 23. Nxe7 Nxe7 24. Qb5 Nc6 25. h4 f5 26. exf5 gxh4 27. Bxh4 Qxf5
28. Bg2 Qc2 29. Rd7 Qc1+ 30. Kh2 Qf4+ 31. Bg3 Qf6 32. Qc4 Bh6 33. Qe4 Bg7 34.
Rxc7 Rb8 35. Rd7 a6 36. Bh3 b5 37. Rc7 Na5 38. Rxg7 1-0

[Event "HUN Youth Ch U18 Girls Final"]
[Site "?"]
[Date "2013.06.23"]
[Round "2.2"]
[White "Horvath, Ilona Klara"]
[Black "Juhasz, Barbara"]
[Result "0-1"]
[WhiteElo "1922"]
[BlackElo "2153"]
[PlyCount "67"]
[EventDate "2013.??.??"]

1. e4 e5 2. Nf3 Nc6 3. d4 exd4 4. Bc4 Nf6 5. O-O Bc5 6. e5 d5 7. Bb5 Ne4 8. b4
Bxb4 9. Nxd4 Bd7 10. e6 fxe6 11. Bxc6 bxc6 12. Qh5+ g6 13. Qe5 Qf6 14. Qxf6
Nxf6 15. c3 Bd6 16. Re1 e5 17. Nf3 e4 18. Nfd2 O-O 19. h3 Nh5 20. Nb3 Nf4 21.
Be3 Nd3 22. Rf1 c5 23. N1d2 c4 24. Nc1 c5 25. Nxd3 exd3 26. Nf3 Bxh3 27. Rfb1
Bd7 28. Kf1 Bc6 29. Ke1 Rae8 30. Kd2 d4 31. cxd4 Bxf3 32. gxf3 cxd4 33. Bxd4
Re2+ 34. Kc3 0-1